000 00363nam a2200145Ia 4500
008 231004s2016 xx 000 0 und d
020 _a9788175244054
041 _aeng
082 _a796.04
_bGUP
100 _aGUPTA, U C
245 _aATHLETICS ( SKILLS & TECHNIQUES)
260 _aNEW DELHI
_bK S K PUBLISHER
_c2016
300 _a62
650 _aSPORTS & GAMES
999 _c878701
_d878701